Fluir en el deporte: claves para las experiencias y actuaciones óptimas

Сохранить в:
Библиографические подробности
Главные авторы: Jackson, Susan A (Автор), Csikszentmihalyi, Mihaly (Автор)
Формат:
Язык:испанский
Опубликовано: Barcelona Paidotribo 2002
Редактирование:1a. ed
Серии:Colección Entrenamiento Psicológico
Предметы:
Метки: Добавить метку
Нет меток, Требуется 1-ая метка записи!

MARC

LEADER 00000cam a2200000 a 4500
001 UCM4784
003 CL-VaPUC
008 020906e20020000SP |||||||||||||||||spa|d
020 |a 8480195762 
082 0 4 |a 796.01  |b JAC  |2 21 
100 0 |a Jackson, Susan A  |e author  |9 471175 
700 0 |a Csikszentmihalyi, Mihaly  |e author  |9 471176 
245 1 0 |a Fluir en el deporte: claves para las experiencias y actuaciones óptimas 
250 |a 1a. ed 
300 |a 251 p 
942 |c BK 
945 |d 20020906 00:00:00  |a vberengu 
260 |a Barcelona  |b Paidotribo  |c 2002 
650 0 |a Deportes  |9 224367 
650 0 |a Aspectos psicológicos  |9 258128 
650 7 |a DEPORTISTAS  |2 CL-VaPUC  |9 471177 
583 |a last modification  |c 20161229 11:34:23  |k Rodrigo Vera 
490 0 |a Colección Entrenamiento Psicológico 
999 |c 301255  |d 301253 
952 |0 0  |1 0  |4 0  |6 796_010000000000000_JAC_2002  |7 0  |8 A  |9 360038  |a BIBEDU  |b BIBEDU  |d 2019-11-21  |i 384000K  |l 3  |o 796.01 JAC 2002  |p 384000K  |r 2024-04-17  |s 2024-04-10  |w 2019-11-21  |y BK  |k EFI 
952 |0 0  |1 0  |4 0  |6 796_010000000000000_JAC_2002  |7 0  |8 C  |9 360039  |a BIBCUR  |b BIBCUR  |d 2019-11-21  |i 4708210  |l 1  |o 796.01 JAC 2002  |p 4708210  |r 2025-04-22  |s 2025-03-11  |w 2019-11-21  |y BK  |k DEN 
952 |0 0  |1 0  |3 erb  |4 0  |6 796_010000000000000_JAC_2002  |7 0  |8 A  |9 360040  |a BIBEDU  |b BIBEDU  |i 5358388  |o 796.01 JAC 2002  |p 5358388  |r 2019-11-21  |w 2019-11-21  |y BK  |z Catalogado en:20161230  |k EFI 
952 |0 0  |1 0  |3 erb  |4 0  |6 796_010000000000000_JAC_2002  |7 0  |8 A  |9 360041  |a BIBEDU  |b BIBEDU  |i 535837K  |o 796.01 JAC 2002  |p 535837K  |r 2019-11-21  |w 2019-11-21  |y BK  |z Catalogado en:20161230  |k EFI 
952 |0 0  |1 0  |3 erb  |4 0  |6 796_010000000000000_JAC_2002  |7 0  |8 A  |9 360042  |a BIBEDU  |b BIBEDU  |i 5366577  |l 2  |o 796.01 JAC 2002  |p 5366577  |r 2024-06-12  |s 2024-06-04  |w 2019-11-21  |y BK  |z Catalogado en:20170317  |k EFI 
952 |0 0  |1 0  |3 erb  |4 0  |6 796_010000000000000_JAC_2002  |7 0  |8 A  |9 360043  |a BIBEDU  |b BIBEDU  |i 5366569  |o 796.01 JAC 2002  |p 5366569  |r 2019-11-21  |w 2019-11-21  |y BK  |z Catalogado en:20170317  |k EFI 
952 |0 0  |1 0  |3 erb  |4 0  |6 796_010000000000000_JAC_2002  |7 0  |8 A  |9 360044  |a BIBEDU  |b BIBEDU  |i 5366550  |o 796.01 JAC 2002  |p 5366550  |r 2019-11-21  |w 2019-11-21  |y BK  |z Catalogado en:20170317  |k EFI